|
|
แสดงรายละเอียดบรรณานุกรม |
|
|
Brief Record
: Get Marc (ISO 2709)
: E-mail record
: |
|
|
| LEADER 00000nam 2200000uu 4500 | |||
| 001 212749 | |||
| 003 ULIBM | |||
| 008 020711s2554 th a 000 0 tha d | |||
| 020 9786165220392 | |||
| 090 ^aนว น284ส 2554 | |||
| 100 นลิน บุษกร | |||
| 245 สาวเนื้อทอง/^cนลิน บุษกร | |||
| 260 กรุงเทพฯ :^bอินเลิฟ พับลิชชิ่ง จำกัด,^c2554 | |||
| 300 416 หน้า ;^c22 ซม. | |||
| 650 นวนิยายไทย | |||
| 999 ^aใช้งานได้ทุกระบบ | |||
| คุณยังไม่ได้ล็อกอิน คุณสามารถมีกิจกรรมร่วมกับเว็บไซต์ได้ แต่ต้องล็อกอินก่อน :: |
|
| สถานะ | |||||||||
| 1. | นวนิยาย | นว น284ส 2554 | On Shelf ขอยืม | ||||||
| [แสดง 1/1 รายการ] | |||||||||
| รายการใกล้เคียง หัวเรื่อง [นวนิยายไทย] |
BibComment |
| คอมเมนท์ทรัพยากรรายการนี้ |
|
|